Dear God - Tate McRae - Statistics

General Stats
  • This quiz has been taken 144 times
    113 since last reset
  • The average score is 337 of 422
Answer Stats
% Correct
I
99%
"I
99%
(I
99%
Dear
98%
dear
98%
God
96%
God,
96%
the
95%
you
95%
you"
95%
my
94%
of
94%
it
90%
to
90%
To
90%
he
89%
his
89%
out
89%
Back
88%
back
88%
back)
88%
love
88%
Take
88%
have
87%
still
85%
kiss
84%
mind,
84%
on
84%
am
83%
and
83%
And
83%
carpet
83%
in
83%
say,
83%
want
83%
way
83%
brain
82%
Hands
82%
hands
82%
I'm
82%
knees
82%
All
80%
all,
80%
all
80%
be
80%
but,
80%
But
80%
chest
80%
we
80%
pain
79%
right
79%
sex
79%
stay
79%
stop
79%
used
79%
pleasure
78%
that
78%
there
78%
there"
78%
you'll
78%
Hopin'
77%
our
77%
ever
76%
here
76%
"Hey
76%
hope
76%
might
76%
this
76%
you're
76%
give
74%
listenin'
74%
play
74%
seen
74%
away
73%
baby,
73%
Haven't
73%
I'd
73%
it's
73%
years,
73%
"amazing"
72%
good
72%
good,
72%
like,
72%
never
72%
no
72%
(No)
72%
same
72%
two
72%
everything
70%
person
70%
'em
68%
erase
68%
air
67%
almost
67%
bed
67%
pray
67%
up
67%
breathe
66%
Get
66%
name,
66%
New
65%
time
65%
workin'
65%
about,
63%
about
63%
thoughts,
63%
uh,
63%
uh
63%
honest
62%
Lay
62%
memories,
62%
With
62%
(Yeah)
62%
just
61%
Pops
61%
babe,
60%
bein'
60%
(Ah)
59%
him
59%
I've
59%
Hottest
57%
missin'
57%
promise
57%
why
57%
Facts
55%
Thing
55%
pray
54%
That's
52%
tryna
52%
about)
51%
touched,
51%
he'd
49%
Really
49%
ain't
45%
handprint
35%
No matching quizzes found
Score Distribution
Percent of People with Each Score
Percentile by Number Answered
Your Score History
You have not taken this quiz since the last reset